Pozitívne výsledky francúzskej politiky zamestnanosti
Faktory spôsobujúce zlepšenie situácie na trhu práce vo Francúzsku: priaznivý konjunkturálny vývoj, pracovne náročný typ ekonomického rastu, politika podpory trhu práce, politika skrátenia pracovného času.
Gespeichert in:
| 1. Verfasser: | |
|---|---|
| Format: | Buchkapitel |
| Sprache: | Slowakisch |
| Schlagworte: | |
| Tags: |
Keine Tags, Fügen Sie das erste Tag hinzu!
|
MARC
| LEADER | 00000naa$a2200000$$$4500 | ||
|---|---|---|---|
| 001 | 0008077 | ||
| 005 | 20240502071352.4 | ||
| 041 | 0 | |a slo | |
| 044 | |a SK | ||
| 245 | 1 | 0 | |a Pozitívne výsledky francúzskej politiky zamestnanosti |c aut. Magdaléna Přívarová |
| 520 | |a Faktory spôsobujúce zlepšenie situácie na trhu práce vo Francúzsku: priaznivý konjunkturálny vývoj, pracovne náročný typ ekonomického rastu, politika podpory trhu práce, politika skrátenia pracovného času. | ||
| 610 | 2 | 0 | |a trh práce |
| 610 | 2 | 0 | |a ponuka práce |
| 610 | 2 | 0 | |a zamestnanosť |
| 610 | 2 | 0 | |a Francúzsko |
| 100 | 1 | |a Přívarová, Magdaléna, 1955- | |